|
|
|
|
| LEADER |
00000nam a2200000 a 4500 |
| 001 |
UCT3320 |
| 003 |
CL-VaPUC |
| 008 |
961018e19620000AG |||||||||||||||||spa|d |
| 082 |
0 |
4 |
|a 903
|b ENC
|2 21
|
| 245 |
1 |
0 |
|a Enciclopedia de la antiguedad
|
| 300 |
|
|
|a 2 v
|
| 942 |
|
|
|c BK
|
| 945 |
|
|
|d 19961018 00:00:00
|a lriquelm
|
| 260 |
|
|
|a Buenos Aires
|b El Ateneo
|c 1962
|
| 500 |
|
|
|a v.1: I): Las grandes civilizaciones de la antiguedad. II): Diccionario de la antiguedad (A - E)
|
| 500 |
|
|
|a v.2: II): Diccionario de la antiguedad (F -Z)
|
| 650 |
|
7 |
|a ENCICLOPEDIA
|2 CL-VaPUC
|9 331864
|
| 650 |
|
7 |
|a DICCIONARIO
|2 CL-VaPUC
|9 372241
|
| 650 |
|
0 |
|a Civilizaciones antiguas
|9 265998
|
| 650 |
|
7 |
|a CULTURAS ASIATICAS
|2 CL-VaPUC
|9 372242
|
| 650 |
|
0 |
|a Culturas latinoamericanas
|9 340316
|
| 651 |
|
0 |
|a Egipto
|9 268199
|
| 651 |
|
7 |
|a BABILONIA
|2 CL-VaPUC
|9 322408
|
| 651 |
|
0 |
|a Grecia
|9 265314
|
| 651 |
|
0 |
|a Roma
|9 255106
|
| 651 |
|
0 |
|a India
|9 267804
|
| 651 |
|
0 |
|a China
|9 257545
|
| 583 |
|
|
|a last modification
|c 19961018 00:00:00
|k Rodrigo Vera
|
| 999 |
|
|
|c 253013
|d 253011
|
| 952 |
|
|
|0 0
|1 0
|4 0
|6 903_000000000000000_ENC_1962
|7 0
|8 X
|9 273336
|a BIBCUR
|b BIBCUR
|d 2019-11-19
|h v.1
|i 1767615
|o 903 ENC 1962
|p 1767615
|r 2025-04-22
|w 2019-11-19
|y BK_X
|k BCB
|
| 952 |
|
|
|0 0
|1 0
|4 0
|6 903_000000000000000_ENC_1962
|7 0
|8 X
|9 273337
|a BIBCUR
|b BIBCUR
|d 2019-11-19
|h v.2
|i 1767593
|o 903 ENC 1962
|p 1767593
|r 2025-04-22
|w 2019-11-19
|y BK_X
|k BCB
|